[Event "It (open)"]
[Site "masterchessopen.com Caorle (Italy)"]
[Round "7"]
[White "Vukovic Ivo (CRO)"]
[Black "Simoli Sergio (ITA)"]
[Result "0-1"]
[WhiteElo "2238"]
[BlackElo "2263"]

1.d4 Nf6 2.Nf3 g6 3.c4 Bg7 4.g3 O-O 5.Bg2 d6 6.O-O Nc6 7.Nc3 a6 8.h3 Rb8 9.a4
Bf5 10.Re1 Ne4 11.Nxe4 Bxe4 12.e3 Nb4 13.Nh2 Bc2 14.Qd2 c5 15.Qc3 e5 16.dxc5
dxc5 17.e4 Qc7 18.b3 Rbd8 19.Bf1 f5 20.Ba3 Bxe4 21.Bxb4 cxb4 22.Qxb4 a5 23.Qc3
Qc5 24.Qe3 Qb4 25.c5 Bd5 26.Rad1 Kh8 27.Rb1 f4 28.gxf4 exf4 29.Qe7 Bc6 30.Bc4
Rde8 {#R} 0-1

[Event "Ch Czechoslovakia (team)"]
[Site "masterchessopen.com Czechoslovakia"]
[Round "0"]
[White "Gregor Jiri (CZE)"]
[Black "Seifarth Robert (CZE)"]
[Result "0-1"]
[WhiteElo "1647"]
[BlackElo "2221"]

1.d4 g6 2.Nf3 Bg7 3.c4 d6 4.Nc3 Nf6 5.g3 O-O 6.Bg2 Nc6 7.O-O a6 8.h3 Rb8 9.e4
e5 10.d5 Ne7 11.b4 Ne8 12.Bd2 f5 13.Ng5 f4 14.gxf4 exf4 15.Nf3 h6 16.Re1 g5
17.e5 Bf5 18.Qb3 Ng6 19.e6 Qe7 20.Rad1 h5 21.Bc1 g4 22.Nd4 f3 23.Nxf5 Rxf5
24.Qc2 Nh4 25.Bf1 Be5 26.Bd3 Qg7 27.Kh1 gxh3 28.Rg1 Qg2+ 29.Rxg2+ fxg2+ {#R}
0-1

[Event "Ch France (team)"]
[Site "masterchessopen.com France"]
[Round "5"]
[White "Scholz Guillermo (FRA)"]
[Black "Sidhoum Jacky (FRA)"]
[Result "1-0"]
[WhiteElo "2216"]
[BlackElo "2089"]

1.d4 Nf6 2.c4 g6 3.Nc3 Bg7 4.g3 O-O 5.Bg2 d6 6.Nf3 Nc6 7.O-O a6 8.a3 Bg4 9.d5
Bxf3 10.exf3 Ne5 11.Qe2 Re8 12.Bh3 e6 13.f4 Ned7 14.dxe6 fxe6 15.Be3 Qe7
16.Rad1 Rad8 17.Rfe1 Qf7 18.Qf3 e5 19.Qxb7 exf4 20.Bxf4 Nc5 21.Rxe8+ Rxe8
22.Qc6 Re7 23.Bg2 h6 24.Nd5 Re2 25.Nxf6+ Qxf6 26.Qxc7 Qxb2 27.Bd5+ Kh7 28.Qf7
g5 29.Qf5+ {#r} 1-0

[Event "Ch DDR"]
[Site "masterchessopen.com Stralsund (Germany)"]
[Round "8"]
[White "Paehtz Thomas (GER)"]
[Black "Borriss Martin (GER)"]
[Result "1-0"]
[WhiteElo "2515"]
[BlackElo "2427"]

1.c4 Nf6 2.Nc3 g6 3.g3 Bg7 4.Bg2 O-O 5.d4 d6 6.Nf3 Nc6 7.O-O a6 8.b3 Bf5 9.Bb2
Qd7 10.d5 Nd8 11.Re1 Ne4 12.Na4 Bxb2 13.Nxb2 Nf6 14.Qd2 Kg7 15.Rac1 Be4 16.Nd1
e5 17.Nc3 Bxf3 18.exf3 b6 19.f4 exf4 20.Qxf4 Nb7 21.Qd4 Rae8 22.Ne4 Qf5 23.f4
Nc5 24.Nf2 g5 25.b4 {#r} 1-0

[Event "Ch Uruguay"]
[Site "masterchessopen.com Uruguay"]
[Round "0"]
[White "Lamas Pedro (URU)"]
[Black "Izquierdo Daniel (URU)"]
[Result "0-1"]
[WhiteElo "2170"]
[BlackElo "2281"]

1.Nf3 Nf6 2.g3 g6 3.Bg2 Bg7 4.O-O O-O 5.d4 d6 6.c4 Nc6 7.Nc3 a6 8.d5 Na5 9.Qd3
c5 10.dxc6 Nxc6 11.e4 Ng4 12.b3 b5 13.cxb5 axb5 14.Bb2 b4 15.Nd1 Ba6 16.Qd2
Bxf1 17.Bxg7 Bxg2 18.Kxg2 Kxg7 19.Qg5 Nge5 20.Nh4 e6 21.Qc1 Rc8 22.f4 Nd4
23.Qb1 Ng4 24.Kh3 h5 25.Qb2 e5 26.fxe5 Rc2 {#R} 0-1

[Event "It (open)"]
[Site "masterchessopen.com Vammala (Finland)"]
[Round "0"]
[White "Kauko Jussi (FIN)"]
[Black "Tirkkonen Tero (FIN)"]
[Result "1-0"]
[WhiteElo "2279"]
[BlackElo "2034"]

1.c4 Nf6 2.Nc3 g6 3.g3 Bg7 4.Bg2 O-O 5.Nf3 d6 6.d4 Nc6 7.O-O a6 8.b3 Rb8 9.Bb2
Bg4 10.h3 Bd7 11.Qd2 Qc8 12.Kh2 e5 13.dxe5 Nxe5 14.Nxe5 dxe5 15.f4 exf4
16.Qxf4 Qd8 17.Rad1 Qe7 18.e4 Bc6 19.Rde1 Nh5 20.Qf2 Qd6 21.e5 Bxe5 22.Rxe5
Qxe5 23.Nd5 Qd6 24.c5 Qd8 25.Qd4 f6 26.g4 Ng7 27.Rxf6 Rxf6 28.Nxf6+ Kh8 29.Qf4
{#r} 1-0

[Event "It (open)"]
[Site "masterchessopen.com Eger (Hungary)"]
[Round "0"]
[White "Nemeth Zoltan (HUN)"]
[Black "Nickl Klaus (AUT)"]
[Result "1-0"]
[WhiteElo "2328"]
[BlackElo "2144"]

1.d4 Nf6 2.Nf3 g6 3.c4 Bg7 4.Nc3 O-O 5.g3 d6 6.Bg2 Nc6 7.O-O a6 8.h3 Rb8 9.e4
b5 10.e5 dxe5 11.dxe5 Qxd1 12.Rxd1 Nd7 13.e6 fxe6 14.cxb5 axb5 15.Bf4 Nde5
16.Nxe5 Nxe5 17.Rac1 c5 18.Be3 Nc4 19.Bxc5 Nxb2 20.Rd2 Nc4 21.Re2 Bd7 22.Bxe7
Rf7 23.Bb4 Bd4 24.Rd1 e5 25.Bd5 Bxh3 26.Ne4 Bg4 27.Nf6+ {#r} 1-0

[Event "It"]
[Site "masterchessopen.com Genting Highlands (Malaysia)"]
[Round "0"]
[White "Ginting Nasib (INA)"]
[Black "Madhavan Collin (MAS)"]
[Result "1-0"]
[WhiteElo "2385"]
[BlackElo "2220"]

1.d4 Nf6 2.c4 g6 3.Nf3 Bg7 4.g3 d6 5.Nc3 O-O 6.Bg2 Nc6 7.O-O a6 8.h3 Rb8 9.e4
b5 10.cxb5 axb5 11.Be3 b4 12.Nd5 Nd7 13.Rc1 Bb7 14.Qd2 e6 15.Nxc7 Qxc7 16.d5
Nc5 17.dxc6 Ba6 18.Rfd1 Nxe4 19.Qc2 Nf6 20.Nd4 Nd5 21.Bxd5 exd5 22.Qa4 Bc4
23.b3 Bxd4 24.Rxd4 Bb5 25.Qxb4 Bxc6 26.Qc3 Rfc8 27.Bh6 f6 28.Rf4 f5 29.Rb4 Ra8
30.Rb6 {#r} 1-0

[Event "It (open)"]
[Site "masterchessopen.com Kuopio (Finland)"]
[Round "0"]
[White "Jouhki Yrjo Markus (FIN)"]
[Black "Eloranta Kari (FIN)"]
[Result "1-0"]
[WhiteElo "2282"]
[BlackElo "2040"]

1.Nf3 Nf6 2.c4 g6 3.g3 Bg7 4.Bg2 O-O 5.O-O d6 6.d4 Nc6 7.Nc3 a6 8.e4 Rb8 9.Rb1
Na5 10.Qe2 b5 11.cxb5 axb5 12.b4 Nc4 13.Nd2 Nxd2 14.Bxd2 c6 15.d5 cxd5 16.Nxd5
Ng4 17.f4 e6 18.Ne3 Nxe3 19.Bxe3 Bd7 20.Rfd1 Bc6 21.Bc5 dxc5 22.Rxd8 Rfxd8
23.bxc5 Bc3 24.Rd1 b4 25.Rd6 Ba4 26.Qd3 Rdc8 27.Rb6 Bc2 28.Rxb8 Bxd3 29.Rxc8+
Kg7 30.c6 {#r} 1-0

[Event "It (open)"]
[Site "masterchessopen.com Paris (France)"]
[Round "1"]
[White "Patrat Alexandre (FRA)"]
[Black "Hebden Mark (ENG)"]
[Result "0-1"]
[WhiteElo "2197"]
[BlackElo "2520"]

1.g3 g6 2.Bg2 Bg7 3.c4 Nf6 4.Nc3 O-O 5.d4 d6 6.Nf3 Nc6 7.O-O a6 8.h3 Rb8 9.a4
Na5 10.Nd2 c5 11.d5 e6 12.e4 exd5 13.cxd5 b5 14.axb5 axb5 15.b4 Nd7 16.Rxa5
Bxc3 17.Nb3 Bxb4 18.Ra2 Ne5 19.Bh6 Re8 20.f4 Nc4 21.f5 f6 22.fxg6 hxg6 23.Qf3
Ne5 24.Qxf6 Qxf6 25.Rxf6 c4 {#R} 0-1

[Event "It \"]
[Site "masterchessopen.com Prague (Czech Republic)"]
[Round "10"]
[White "Streitberg Petr (CZE)"]
[Black "Znamenacek Kvetoslav (CZE)"]
[Result "0-1"]
[WhiteElo "2248"]
[BlackElo "2294"]

1.d4 Nf6 2.c4 g6 3.Nc3 Bg7 4.Nf3 d6 5.g3 O-O 6.Bg2 Nc6 7.O-O a6 8.b3 Rb8 9.Bb2
b5 10.cxb5 axb5 11.d5 Na7 12.Nd4 e5 13.dxe6 fxe6 14.Rc1 b4 15.Na4 c5 16.Nc6
Nxc6 17.Bxc6 Bb7 18.Bxb7 Rxb7 19.Rc2 Rd7 20.Bc1 Nd5 21.e4 Nc3 22.Nxc3 bxc3
23.Qg4 Qe7 24.Be3 Bd4 25.Re1 e5 26.f4 exf4 27.gxf4 Qxe4 28.Rce2 Rdf7 {#R} 0-1

[Event "It (open)"]
[Site "masterchessopen.com St. Ingbert (Germany)"]
[Round "0"]
[White "Gentner Markus (GER)"]
[Black "Pirrot Dieter (GER)"]
[Result "0-1"]
[WhiteElo "2026"]
[BlackElo "2385"]

1.c4 Nf6 2.Nc3 g6 3.Nf3 Bg7 4.g3 O-O 5.Bg2 d6 6.d4 a6 7.O-O Nc6 8.e4 Bg4 9.h3
Bxf3 10.Bxf3 Nd7 11.Be3 e5 12.Ne2 Qf6 13.Bg4 Nb6 14.d5 Nd4 15.Qc1 Rae8 16.Kg2
Qe7 17.Ng1 Na4 18.Bd1 Nc5 19.f3 a5 20.Qd2 f5 21.exf5 Nxf5 22.Bxc5 dxc5 23.Re1
Bh6 24.Qc3 Qg5 25.Ne2 Nh4+ 26.Kh1 Nxf3 27.Rf1 Nd4 28.Rg1 Qf5 {#R} 0-1

[Event "It (open)"]
[Site "masterchessopen.com Gausdal (Norway)"]
[Round "0"]
[White "Bjerke Richard (NOR)"]
[Black "Crocker Philip J (ENG)"]
[Result "0-1"]
[WhiteElo "2135"]
[BlackElo "2225"]

1.d4 Nf6 2.c4 g6 3.Nc3 Bg7 4.Nf3 O-O 5.g3 d6 6.Bg2 Nc6 7.O-O a6 8.h3 Rb8 9.Be3
b5 10.Nd2 Bd7 11.cxb5 axb5 12.Rc1 Qe8 13.d5 Na5 14.b4 Nc4 15.Bd4 e5 16.dxe6
Bxe6 17.Nde4 Qe7 18.Nxf6+ Bxf6 19.Ba7 Bxc3 20.Rxc3 Ra8 21.Bxa8 Rxa8 22.Qd4 c5
23.Bxc5 dxc5 24.bxc5 Rxa2 25.Rb1 Rd2 26.Rd3 Rxd3 27.exd3 Nd2 28.Qf4 Nxb1
29.Qb8+ Qf8 30.Qxb5 Nc3 {#R} 0-1

[Event "It (open)"]
[Site "masterchessopen.com Katowice (Poland)"]
[Round "1"]
[White "Hasanova Elmira (RUS)"]
[Black "Timoshenko Georgy (UKR)"]
[Result "0-1"]
[WhiteElo "2328"]
[BlackElo "2540"]

1.Nf3 Nf6 2.g3 g6 3.Bg2 Bg7 4.O-O O-O 5.c4 d6 6.d4 Nc6 7.Nc3 a6 8.h3 Rb8 9.Be3
b5 10.cxb5 axb5 11.d5 Na5 12.Nd4 b4 13.Ncb5 Nxd5 14.Bxd5 c5 15.Bg2 Bd7 16.Qd3
Qb6 17.a4 bxa3 18.Nxa3 cxd4 19.Bg5 Bf5 20.Qd1 e5 21.Qa4 Nb3 22.Nc4 Qc5 23.Qa3
Qb4 {#R} 0-1

[Event "It (open) (active)"]
[Site "masterchessopen.com Kirchheim (Germany)"]
[Round "0"]
[White "Smejkal Jan (CZE)"]
[Black "Kabisch Thilo (GER)"]
[Result "0-1"]
[WhiteElo "2545"]
[BlackElo "2313"]

1.c4 Nf6 2.Nf3 g6 3.d4 Bg7 4.g3 O-O 5.Bg2 d6 6.O-O Nc6 7.Nc3 a6 8.h3 Rb8 9.Bg5
Na5 10.Nd2 Nd7 11.Be3 b5 12.cxb5 axb5 13.b4 c5 14.dxc5 Bxc3 15.bxa5 Nxc5
16.Rc1 Na4 17.Ba7 Rb7 18.Bb6 Qd7 19.Nb1 Be5 20.Bd4 Nb2 21.Bxb2 Bxb2 22.Rc2 Be5
23.Nd2 Ra7 24.Nb3 b4 25.Qd3 Bc3 26.Qe3 Ba6 27.Rd1 Bc4 {#R} 0-1

[Event "Olympiad"]
[Site "masterchessopen.com Novi Sad (Yugoslavia)"]
[Round "0"]
[White "Adianto Utut (INA)"]
[Black "Kaabi Mejdi (TUN)"]
[Result "1-0"]
[WhiteElo "2548"]
[BlackElo "2344"]

1.d4 Nf6 2.Nf3 g6 3.g3 Bg7 4.Bg2 O-O 5.O-O d6 6.c4 Nc6 7.Nc3 a6 8.h3 Rb8 9.e4
b5 10.cxb5 axb5 11.Be3 b4 12.Nd5 Nxd5 13.exd5 Na5 14.Nd2 Bd7 15.Rc1 Qc8 16.Kh2
Qb7 17.Re1 h6 18.h4 Qb6 19.Nf3 Bf5 20.Qd2 Kh7 21.h5 g5 22.Bxg5 hxg5 23.Qxg5
Bd3 24.Qe3 Qa6 25.Ng5+ Kh8 26.Rxc7 Bh7 27.Nxh7 Kxh7 28.Qe4+ Kg8 29.Qf5 Rb7
30.Rexe7 {#r} 1-0

[Event "It (open)"]
[Site "masterchessopen.com Reykjavik (Iceland)"]
[Round "0"]
[White "Sigurpalsson Runar (ISL)"]
[Black "Nijboer Friso (NED)"]
[Result "0-1"]
[WhiteElo "2220"]
[BlackElo "2485"]

1.Nf3 Nf6 2.d4 g6 3.c4 Bg7 4.Nc3 O-O 5.g3 d6 6.Bg2 Nc6 7.O-O a6 8.a3 Na5 9.Nd2
c5 10.d5 Bd7 11.Qc2 Rc8 12.b3 b5 13.Bb2 e5 14.Nce4 Ne8 15.f4 f5 16.fxe5 dxe5
17.Nxc5 Rxc5 18.b4 Rxc4 19.Nxc4 Nxc4 20.Bc1 e4 21.Ra2 Nf6 22.h3 Nxd5 23.Rd1
Nc3 {#R} 0-1

[Event "It (b)"]
[Site "masterchessopen.com Wijk aan Zee (Netherlands)"]
[Round "0"]
[White "Damljanovic Branko (SRB)"]
[Black "Peelen Piet (NED)"]
[Result "1-0"]
[WhiteElo "2535"]
[BlackElo "2380"]

1.c4 Nf6 2.Nc3 g6 3.g3 Bg7 4.Bg2 O-O 5.d4 d6 6.Nf3 Nc6 7.O-O a6 8.h3 Rb8 9.e4
b5 10.cxb5 axb5 11.Re1 b4 12.Na4 Re8 13.b3 e5 14.dxe5 Nxe5 15.Nxe5 Rxe5 16.Bb2
Re8 17.e5 dxe5 18.Bxe5 Nd7 19.Bxg7 Rxe1+ 20.Qxe1 Kxg7 21.Rc1 Qf6 22.Rxc7 Ne5
23.Qe3 Bf5 24.f4 Nd3 25.g4 Qd6 26.Rc4 Rc8 27.Rd4 Rc1+ 28.Kh2 Re1 29.Qxd3 {#r}
1-0

[Event "It (open)"]
[Site "masterchessopen.com Adelaide (Australia)"]
[Round "0"]
[White "Danailov Silvio (BUL)"]
[Black "Speck Hans (SUI)"]
[Result "1-0"]
[WhiteElo "2466"]
[BlackElo "2016"]

1.Nf3 Nf6 2.c4 g6 3.g3 Bg7 4.Bg2 O-O 5.O-O d6 6.d4 Nc6 7.Nc3 a6 8.d5 Na5 9.b3
Rb8 10.Bb2 c5 11.Nd2 b5 12.Rb1 bxc4 13.bxc4 Ng4 14.Qc2 Bh6 15.Ba1 Bd7 16.Rxb8
Qxb8 17.Ncb1 Qc7 18.h3 Nf6 19.e4 e5 20.Bc3 Nh5 21.Na3 f5 22.Rb1 Nf6 23.Rb2
fxe4 24.Nxe4 Nxe4 25.Bxe4 Bxh3 26.Qa4 Nb7 27.Qxa6 Bc8 28.Nb5 Qd7 29.Na7 Rf7
30.Qc6 {#r} 1-0

[Event "Ch Bulgaria (team)"]
[Site "masterchessopen.com Bankja (Bulgaria)"]
[Round "4"]
[White "Delchev Aleksander (BUL)"]
[Black "Ilijev Mitko (BUL)"]
[Result "0-1"]
[WhiteElo "2405"]
[BlackElo "2241"]

1.d4 Nf6 2.c4 g6 3.Nf3 Bg7 4.g3 O-O 5.Bg2 d6 6.O-O Nc6 7.Nc3 a6 8.h3 Rb8 9.Be3
e5 10.dxe5 dxe5 11.Qc1 Be6 12.Ng5 Bd7 13.Rd1 Qc8 14.Kh2 Rd8 15.Nd5 Nxd5
16.Bxd5 Be8 17.Ne4 Nd4 18.Bg5 c6 19.Nf6+ Bxf6 20.Bxf6 Qf5 21.Bxd8 cxd5 {#R}
0-1

[Event "It (open)"]
[Site "masterchessopen.com Cappelle la Grande (France)"]
[Round "0"]
[White "Arkell Keith C (ENG)"]
[Black "Mauro Alan (ITA)"]
[Result "1-0"]
[WhiteElo "2450"]
[BlackElo "2194"]

1.d4 Nf6 2.Nf3 g6 3.c4 Bg7 4.Nc3 O-O 5.g3 d6 6.Bg2 Nc6 7.O-O a6 8.h3 Rb8 9.e4
e5 10.d5 Na5 11.Nd2 c5 12.a3 Qc7 13.Qe2 b5 14.cxb5 axb5 15.Nxb5 Qb6 16.a4 Ba6
17.Re1 Bxb5 18.Qxb5 Qxb5 19.axb5 Rxb5 20.Bf1 Nb3 21.Ra3 Nxd2 22.Bxb5 Ndxe4
23.Bd3 Nxf2 24.Kxf2 Nxd5 25.Ra6 Rd8 26.Bg5 Bf6 27.Bc4 {#r} 1-0

[Event "Ch NRW"]
[Site "masterchessopen.com Cologne (Germany)"]
[Round "6"]
[White "Terhorst Jochen (GER)"]
[Black "Jansen Josef (GER)"]
[Result "1-0"]
[WhiteElo "2182"]
[BlackElo "2227"]

1.d4 Nf6 2.Nf3 d6 3.g3 g6 4.Bg2 Bg7 5.O-O O-O 6.c4 Nc6 7.Nc3 a6 8.Qc2 Na5 9.b3
c5 10.Bb2 Rb8 11.dxc5 dxc5 12.Rfd1 Qe8 13.Na4 Nd7 14.Bxg7 {#r} 1-0

[Event "Ch URS (corr.)"]
[Site "masterchessopen.com corr."]
[Round "0"]
[White "Rogozenko Dorian (ROM)"]
[Black "Gavrilov Alexei (RUS)"]
[Result "1-0"]
[WhiteElo "2552"]
[BlackElo "2509"]

1.Nf3 Nf6 2.c4 g6 3.d4 Bg7 4.g3 O-O 5.Bg2 d6 6.Nc3 Nc6 7.O-O a6 8.h3 Rb8 9.Be3
b5 10.Nd2 Bd7 11.Rc1 Na5 12.cxb5 axb5 13.b4 Nc4 14.Nxc4 bxc4 15.b5 d5 16.Nxd5
Nxd5 17.Bxd5 Bxh3 18.Bxc4 Bxf1 19.Kxf1 e6 20.a4 Qe7 21.d5 Bb2 22.dxe6 fxe6
23.Qb3 Bxc1 24.Bxe6+ Kg7 25.Bxc1 Rbe8 26.Qc3+ Rf6 27.Bg4 h5 28.Bf3 Kh7 29.Bg5
Rxf3 30.Qxf3 {#r} 1-0

[Event "Ch Czechoslovakia (team) 1990/91"]
[Site "masterchessopen.com Czechoslovakia"]
[Round "8"]
[White "Trichkov Vasil (CZE)"]
[Black "Folk Petr (CZE)"]
[Result "1-0"]
[WhiteElo "2319"]
[BlackElo "2238"]

1.d4 Nf6 2.Nf3 g6 3.g3 Bg7 4.Bg2 O-O 5.c4 d6 6.O-O Nc6 7.Nc3 a6 8.h3 Rb8 9.Be3
b5 10.cxb5 axb5 11.Rc1 Bd7 12.Qd2 Qc8 13.Kh2 Qa6 14.b3 Rfc8 15.Ng5 e5 16.dxe5
dxe5 17.Nd5 Rd8 18.Nxc7 Qc8 19.Nd5 h6 20.Rxc6 Nxd5 21.Rxc8 Rbxc8 22.Qxd5 {#r}
1-0

[Event "It (open)"]
[Site "masterchessopen.com Dieren (Netherlands)"]
[Round "5"]
[White "Schwalfenberg Joerg (GER)"]
[Black "De Vries Eelco (NED)"]
[Result "1-0"]
[WhiteElo "2338"]
[BlackElo "2170"]

1.d4 Nf6 2.Nf3 g6 3.c4 Bg7 4.Nc3 O-O 5.g3 d6 6.Bg2 Nc6 7.O-O a6 8.d5 Na5 9.b3
c6 10.dxc6 bxc6 11.Bd2 Bb7 12.c5 Nd7 13.Na4 Bc8 14.cxd6 exd6 15.Rc1 d5 16.Qe1
Nb7 17.Rxc6 Re8 18.Qc1 d4 19.e3 dxe3 20.Bxe3 Qe7 21.Rc7 Qb4 22.Rd1 Ne5 23.Nxe5
Bxe5 24.Rc4 Qf8 25.Nb6 Rb8 26.Bh6 {#r} 1-0

[Event "It (open)"]
[Site "masterchessopen.com Garmisch Partenkirchen (Germany)"]
[Round "2"]
[White "Kalinitschew Sergey (GER)"]
[Black "Stratmann Burkhard (GER)"]
[Result "1-0"]
[WhiteElo "2420"]
[BlackElo "2137"]

1.d4 Nf6 2.Nf3 g6 3.c4 Bg7 4.g3 O-O 5.Bg2 d6 6.O-O Nc6 7.Nc3 a6 8.h3 e5 9.Be3
Re8 10.Qd2 exd4 11.Nxd4 Nxd4 12.Bxd4 c6 13.Rad1 Be6 14.b3 Qe7 15.Rfe1 Rad8
16.e4 Qf8 17.f4 b5 18.Qd3 bxc4 19.bxc4 Nd7 20.Bxg7 Qxg7 21.Na4 Nf8 22.Kh2 f5
23.exf5 Bxf5 24.Qd2 Qh6 25.Nc3 Nd7 26.Qxd6 Qg7 27.Ne4 h5 28.Ng5 Qc3 29.Re7
Rxe7 30.Qxe7 {#r} 1-0

[Event "Match \"]
[Site "masterchessopen.com Germany"]
[Round "0"]
[White "Khurtsidze Nino (GEO)"]
[Black "Birr Beate (GER)"]
[Result "1-0"]
[WhiteElo "2440"]
[BlackElo "2030"]

1.d4 Nf6 2.Nf3 g6 3.g3 Bg7 4.Bg2 d6 5.O-O O-O 6.c4 Nc6 7.Nc3 a6 8.e4 Rb8 9.Qe2
e5 10.dxe5 dxe5 11.Rd1 Nd7 12.Be3 Ne7 13.Rd2 c6 14.Rad1 Qc7 15.c5 h6 16.Na4
Qa5 17.b3 Nf6 18.Nxe5 Be6 19.Nb6 Kh7 20.Nec4 Qb5 21.h3 Nc8 22.Qf3 Nxb6 23.Nxb6
Rbe8 24.Bd4 Nxe4 25.Bxg7 Nxd2 26.Qc3 Rg8 27.Rxd2 Bd5 28.Be5 Bxg2 29.Kxg2 a5
30.Nd7 {#r} 1-0

[Event "Ch Helsinki"]
[Site "masterchessopen.com Helsinki (Finland)"]
[Round "0"]
[White "Manninen Marko (FIN)"]
[Black "Kanko Ilkka (FIN)"]
[Result "1-0"]
[WhiteElo "2377"]
[BlackElo "2231"]

1.d4 Nf6 2.Nf3 g6 3.g3 Bg7 4.Bg2 O-O 5.O-O d6 6.c4 Nc6 7.Nc3 a6 8.b3 Rb8 9.a4
Bg4 10.Bb2 Nd7 11.d5 Nb4 12.Nd4 Nc5 13.Qd2 Nbd3 14.exd3 Bxd4 15.Qf4 Bxc3
16.Bxc3 Be2 17.Rfe1 f6 18.Rxe2 {#r} 1-0

[Event "It (open)"]
[Site "masterchessopen.com Teteven (Bulgaria)"]
[Round "11"]
[White "Kostic Jovica (SRB)"]
[Black "Korostelev Nikolay (RUS)"]
[Result "1-0"]
[WhiteElo "2233"]
[BlackElo "1874"]

1.d4 Nf6 2.c4 g6 3.Nf3 Bg7 4.g3 O-O 5.Bg2 d6 6.O-O Nc6 7.Nc3 a6 8.Bg5 h6 9.Bc1
e5 10.d5 Na5 11.Qd3 Rb8 12.b4 Bf5 13.e4 Nxc4 14.Qxc4 Bg4 15.h3 Bd7 16.a4 Nh5
17.b5 axb5 18.Nxb5 Bxb5 19.axb5 b6 20.Ra7 Rc8 21.Bd2 f5 22.Rc1 Rf7 23.Nh4 Kh7
24.exf5 gxf5 25.Nf3 {#r} 1-0

[Event "It (open)"]
[Site "masterchessopen.com Torcy (France)"]
[Round "0"]
[White "Calvo Jesus Maria (ESP)"]
[Black "Berthelot Yannick (FRA)"]
[Result "1-0"]
[WhiteElo "2227"]
[BlackElo "2286"]

1.d4 Nf6 2.Nf3 g6 3.c4 Bg7 4.g3 O-O 5.Bg2 d6 6.O-O Nc6 7.Nc3 a6 8.h3 Rb8 9.e4
b5 10.cxb5 axb5 11.e5 dxe5 12.dxe5 Qxd1 13.Rxd1 Nd7 14.e6 fxe6 15.Ng5 Nd4
16.Be3 c5 17.Bxd4 Bxd4 18.Nxe6 Bxf2+ 19.Kh2 Rf6 20.Nf4 Bd4 21.Ncd5 Rf7 22.Ne6
Bb7 23.Rd2 Nf6 24.Nxf6+ Rxf6 25.Nxd4 cxd4 26.Rc1 Bxg2 {#r} 1-0

[Event "It (open)"]
[Site "masterchessopen.com Torcy (France)"]
[Round "0"]
[White "Petracco Gilles (FRA)"]
[Black "Bouaziz Slim (TUN)"]
[Result "0-1"]
[WhiteElo "2005"]
[BlackElo "2338"]

1.d4 Nf6 2.c4 g6 3.Nf3 Bg7 4.g3 d6 5.Bg2 O-O 6.O-O Nc6 7.Nc3 a6 8.Qd3 Bf5 9.e4
Bg4 10.Be3 Nd7 11.Nh4 e5 12.d5 Nd4 13.f3 Bh5 14.f4 c5 15.dxc6 bxc6 16.Nf3 Bxf3
17.Bxf3 Rb8 18.b3 Nc5 19.Qd1 Nxf3+ 20.Rxf3 exf4 21.Bxc5 dxc5 22.gxf4 Bd4+
23.Kg2 Re8 24.Qc2 Qh4 25.Raf1 Rbd8 26.Ne2 Bg7 27.Ng3 Rd4 28.Rd1 Bh6 29.Rdf1
Red8 30.R3f2 Bxf4 {#R} 0-1

[Event "Ch Slovakia"]
[Site "masterchessopen.com Trencin (Slovakia)"]
[Round "0"]
[White "Debnar Lubos (SVK)"]
[Black "Struhar Jan (SVK)"]
[Result "1-0"]
[WhiteElo "2266"]
[BlackElo "2126"]

1.d4 Nf6 2.c4 g6 3.Nc3 Bg7 4.g3 d6 5.Bg2 O-O 6.Nf3 Nc6 7.O-O a6 8.e4 Bg4 9.Be3
Nd7 10.Qd2 Bxf3 11.Bxf3 e5 12.d5 Nd4 13.Bg2 Rb8 14.Ne2 c5 15.dxc6 Nxe2+
16.Qxe2 bxc6 17.Rfd1 Qc7 18.Qd3 Rxb2 19.Qa3 Rfb8 20.Qxd6 Qxd6 21.Rxd6 Nf8
22.Bh3 Rb1+ 23.Rxb1 Rxb1+ 24.Kg2 Rb2 25.Rxc6 Rxa2 26.Rc8 Rc2 27.c5 h5 28.c6
Kh7 29.c7 a5 30.Bb6 {#r} 1-0

[Event "Staatsliga"]
[Site "masterchessopen.com Austria"]
[Round "0"]
[White "Kargl Kurt (AUT)"]
[Black "Schumi Manfred (AUT)"]
[Result "1-0"]
[WhiteElo "2128"]
[BlackElo "2202"]

1.d4 Nf6 2.Nf3 g6 3.g3 Bg7 4.Bg2 O-O 5.O-O d6 6.c4 Nc6 7.Nc3 a6 8.e3 Rb8 9.b3
b5 10.cxb5 axb5 11.Bb2 Na5 12.Ne2 c5 13.dxc5 dxc5 14.Be5 Rb7 15.Rc1 Nd7
16.Bxg7 Kxg7 17.Qc2 Qb6 18.Nf4 e6 19.Rfd1 Rc7 20.Ng5 Bb7 21.Bxb7 Nxb7 22.h4
Qc6 23.h5 Kh6 24.hxg6 Kxg5 25.g7 Rg8 26.Qxh7 Rcc8 27.Qh4+ Kf5 28.g4+ Ke4
29.Nd3 Rxg7 30.Qh1# 1-0

[Event "It (open) \"]
[Site "masterchessopen.com Budapest (Hungary)"]
[Round "0"]
[White "Makarov Marat (RUS)"]
[Black "Monin Nikolay (RUS)"]
[Result "1-0"]
[WhiteElo "2510"]
[BlackElo "2365"]

1.Nf3 Nf6 2.c4 g6 3.d4 Bg7 4.g3 O-O 5.Bg2 d6 6.O-O a6 7.Nc3 Nc6 8.b3 Rb8 9.e3
e5 10.dxe5 dxe5 11.Ba3 Re8 12.Qxd8 Rxd8 13.Rad1 Rxd1 14.Rxd1 Bf8 15.Bb2 Ne8
16.Nxe5 Nxe5 17.Rd8 Nd6 18.Nd5 f6 19.Nxf6+ Kf7 20.Bxe5 Ke7 21.Bxd6+ {#r} 1-0

[Event "It (open)"]
[Site "masterchessopen.com Dortmund (Germany)"]
[Round "7"]
[White "Trichkov Vasil (CZE)"]
[Black "Kummerow Heiko (GER)"]
[Result "1-0"]
[WhiteElo "2315"]
[BlackElo "2240"]

1.d4 Nf6 2.Nf3 g6 3.g3 Bg7 4.Bg2 O-O 5.c4 d6 6.O-O Nc6 7.Nc3 a6 8.a3 Rb8 9.b4
Bf5 10.Bb2 Qd7 11.Re1 Bh3 12.Bh1 h6 13.d5 Ne5 14.Nxe5 dxe5 15.Na4 Ng4 16.Qb3
h5 17.Nc5 Qc8 18.f3 Nh6 19.Nd3 f6 20.e4 h4 21.Re2 hxg3 22.hxg3 Bd7 23.c5 Nf7
24.a4 Rd8 25.Bg2 Bf8 26.f4 exf4 27.gxf4 e6 28.Bxf6 {#r} 1-0

[Event "Bundesliga 1991/92"]
[Site "masterchessopen.com Germany"]
[Round "0"]
[White "Loeffler Stefan (GER)"]
[Black "Aring Gerd (GER)"]
[Result "1-0"]
[WhiteElo "2285"]
[BlackElo "2195"]

1.d4 Nf6 2.c4 g6 3.Nf3 Bg7 4.g3 O-O 5.Bg2 d6 6.O-O Nc6 7.Nc3 a6 8.b3 Rb8 9.d5
Nxd5 10.cxd5 Bxc3 11.Bh6 Ne5 12.Rc1 Nxf3+ 13.Bxf3 Bg7 14.Bxg7 Kxg7 15.Qc2 Bh3
16.Rfd1 Rc8 17.Rd4 g5 18.Rc4 Qd7 19.Be4 h6 20.f3 e6 21.Qc3+ Kg8 22.Qf6 exd5
23.Bxd5 Be6 24.Qxh6 Qe7 25.Re4 Rce8 26.h4 c6 27.hxg5 Bxd5 28.Rxe7 Rxe7 29.e4
Be6 30.Kf2 {#r} 1-0

[Event "Oberliga North 1991/92"]
[Site "masterchessopen.com Germany"]
[Round "-57"]
[White "Tatenhorst Volker (GER)"]
[Black "Lampe Dirk (GER)"]
[Result "1-0"]
[WhiteElo "2213"]
[BlackElo "2248"]

1.d4 Nf6 2.c4 g6 3.Nf3 Bg7 4.g3 d6 5.Bg2 O-O 6.O-O Nc6 7.Nc3 a6 8.b3 Rb8 9.Bb2
b5 10.cxb5 axb5 11.Rc1 b4 12.Na4 Na7 13.Qc2 Nb5 14.Ne1 Nd7 15.e3 e5 16.d5 Nf6
17.Nd3 Bf5 18.Qc4 Bxd3 19.Qxd3 e4 20.Bxe4 Nxe4 21.Qxe4 Bxb2 22.Nxb2 Nc3 23.Qc4
Qg5 24.Na4 Qxd5 25.Rxc3 {#r} 1-0